000 00633nam a2200205 a 4500
001 15973
003 CO-ViMGA
008 141112s2004 ck r 000 u spa d
020 _a958904364X
040 _aCO-ViMGA
_bspa
_cCO-ViMGA
082 0 4 _a860.4 E764g
100 1 _aEspinosa, German
245 1 0 _aGuillermo Valencia
260 _aBogotá,
_cProcultua,
_c1989
300 _a176.p.
590 _aForma de adquisición : Donacion Biblioteca Nacional 2003 - - Precio :
_ 15.000
650 1 4 _aLITERATURA COLOMBIANA - CRITICA LITERARIA
_950678
650 1 4 _aVALENCIA, GUILLERMO - CRITICA E INTERPRETACION
_922931
942 _2ddc
_cBK
999 _c25968
_d25968